[Event "Hessen-ch Gr-C"]
[Site "Idstein"]
[Date "2009.04.11"]
[Round "6"]
[White "Sammons, Daniel"]
[Black "Foerster, Rudi"]
[Result "0-1"]
[WhiteElo "1705"]
[BlackElo "1936"]
[PlyCount "92"]
[EventDate "2009.04.08"]
[EventType "swiss"]
[EventRounds "7"]
[EventCountry "GER"]
[SourceTitle "EXT 2010"]
[Source "ChessBase"]
[SourceDate "2010.11.25"]
[SourceVersion "1"]
[SourceVersionDate "2010.11.25"]
[SourceQuality "1"]

1. e4 c5 2. Nc3 Nc6 3. g3 g6 4. Bg2 Bg7 5. d3 e6 6. Nge2 Nge7 7. Be3 Nd4 8. 0-0 Nec6 9. f4 0-0 10. g4 d6 11. Ng3 f5 12. gxf5 exf5 13. Nd5 Ne7 14. Nxe7+ Qxe7 15. c3 Nc6 16. Qe2 Bd7 17. Rab1 Rae8 18. Rbe1 Qf7 19. a3 Qb3 20. Qd2 Na5 21. e5 dxe5 22. Bxc5 exf4 23. Bxf8 fxg3 24. Bxg7 gxh2+ 25. Kxh2 Kxg7 26. Rxe8 Bxe8 27. Qe2 Bc6 28. Bxc6 Nxc6 29. Rf2 Qb5 30. d4 Qd5 31. Qf3 Ne7 32. Qxd5 Nxd5 33. Re2 f4 34. Re8 h5 35. Rb8 g5 36. Rxb7+ Kg6 37. Rxa7 Ne3 38. a4 g4 39. Re7 g3+ 40. Kg1 h4 41. a5 h3 42. Re8 h2+ 43. Kh1 Ng4 44. Rg8+ Kf5 45. Rxg4 Kxg4 46. a6 Kh3 0-1